000 01225njm a22002897a 4500
005 20100913122744.0
006 a|||||r|||||00| 0
007 sd ammalaaahaa
008 100910t xxu||||| |||| 00| 0 eng d
028 _aEMGPE.5036
_bEMI
035 _aGR-02225
040 _aSED
_cSED
100 _aMangeshkar, Lata
_919365
245 _aAmrapali /
_csung by Lata Mangeshkar; Music by Shankar Jaikishan; lyric by Shailendra
_h[sound recording] :
246 _aआम्रपाली / इगल फिल्म्स द्वारा
260 _aIndia
_bEMI
_c1977
300 _a1 sound disc [Gramophone Recording] :
_banalog, 33 1/3 rpm
_c7.5 in. (SP)
_fGramaphone Records
500 _aBrief record
500 _aRecord Lebels : EMI, Green
505 _aSide-1 जाओ रे जोगी (Jao re jogi) (Lata Mangeshkar) Side-2 तुम्हे याद करते करते (Tumhe yaad karte karte) (Lata Mangeshkar)
600 _aMangeshkar, Lata
_919611
650 _2Excerpts.
_aClassical Music
_bIndia
_919366
700 _aShankar Jaikishan
_919421
700 _aShailendra
_919612
942 _2ddc
_cGR
999 _c45383
_d45383